Normal view
MARC view
Entry Personal Name
001 - CONTROL NUMBER
- control field: 9230
003 - CONTROL NUMBER IDENTIFIER
- control field: ARRUPE
005 - DATE AND TIME OF LATEST TRANSACTION
- control field: 20140320172254.0
008 - FIXED-LENGTH DATA ELEMENTS
- fixed length control field: 140320|| aca||aabn | a|a d
040 ## - CATALOGING SOURCE
- Original cataloging agency: ARRUPE
- Transcribing agency: ARRUPE
100 ## - HEADING--PERSONAL NAME
- Personal name: Wilson, C. T.
- Fuller form of name: (Charles Thomas),
- Dates associated with a name: 1851 or 1852-
670 ## - SOURCE DATA FOUND
- Source citation: Work cat.: (ARRUPE)0: Wilson, C. T. (Charles Thomas), 1851 or 1852-, Alexander Mackay :, [pref. 1893]